Total War: Warhammer - Legendary Lords - Statistics

General Stats
  • This quiz has been taken 163 times
    37 since last reset
  • The average score is 56 of 102
Answer Stats
Race Faction Game Lord % Correct
The Empire Reikland Base Karl Franz
96%
Dark Elves Naggarond Base Malekith
88%
The Empire The Golden Order Base Balthasar Gelt
83%
Greenskins Grimgor's 'Ardboyz Base Grimgor Ironhide
83%
Dark Elves Cult of Pleasure Base Morathi
79%
Dwarfs Karaz-a-Karak Base Thorgrim Grudgebearer
79%
Kislev Ursun Revivalists Base Boris Ursus
75%
Greenskins Broken Axe DLC Grom the Paunch
75%
Tomb Kings Khemri DLC Settra the Imperishable
75%
High Elves Eataine Base Tyrion
75%
Vampire Counts Sylvania FLC Vlad von Carstein
75%
The Empire Middenland Unique Boris Todbringer
71%
Dwarfs The Ancestral Throng FLC Grombrindal
71%
Vampire Counts The Drakenhof Conclave Base Mannfred von Carstein
71%
Wood Elves Talsyn DLC Orion
71%
Warriors of Chaos The Decadent Host DLC Sigvald the Magnificent
71%
Khorne Exiles of Khorne Base Skarbrand the Exiled
71%
High Elves Order of Loremasters Base Teclis
71%
Tzeentch The Deceivers DLC The Changeling
71%
Kislev The Ice Court Base Tzarina Katarin
71%
Tomb Kings Followers of Nagash DLC Arkhan the Black
67%
Warriors of Chaos Shadow Legion Base Be'lakor
67%
Lizardmen Hexoatl Base Lord Mazdamundi
67%
Lizardmen Spirit of the Jungle DLC Nakai the Wanderer
67%
Warriors of Chaos Legion of the Gorequeen DLC Valkia the Bloody
67%
High Elves Avelorn DLC Alarielle the Radiant
63%
Warriors of Chaos The Fecundites DLC Festus the Leechlord
63%
Vampire Counts Sylvania FLC Isabella von Carstein
63%
Dark Elves The Blessed Dread FLC Lokhir Fellheart
63%
The Empire The Huntsmarshal's Expedition DLC Markus Wulfhart
63%
Khorne Blooded Wanderers DLC Skulltaker
63%
High Elves Nagarythe FLC Alith Anar
58%
Warriors of Chaos Warhost of the Apocalypse DLC Archaon the Everchosen
58%
Dwarfs Clan Angrund DLC Belegar Ironhammer
58%
Vampire Coast The Dreadfleet DLC Count Noctilus
58%
Skaven Clan Eshin DLC Deathmaster Snikch
58%
The Empire Wissenland & Nuln DLC Elspeth von Draken
58%
Ogre Kingdoms Goldtooth DLC Greasus Goldtooth
58%
Skaven Clan Skryre DLC Ikit Claw
58%
Vampire Coast The Awakened DLC Luthor Harkon
58%
Dark Elves Hag Graef DLC Malus Darkblade
58%
Dwarfs Ironbrow's Expedition FLC Thorek Ironbrow
58%
The Empire Cult of Sigmar DLC Volkmar the Grim
58%
Vampire Coast Pirates of Sartosa DLC Aranessa Saltspite
54%
Wood Elves Wargrove of Woe DLC / FLC Drycha
54%
Lizardmen Itza FLC Gor-Rok
54%
Vampire Counts The Barrow Legion Base Heinrich Kemmler
54%
High Elves Knights of Caledor FLC Imrik
54%
Lizardmen Last Defenders Base Kroq-Gar
54%
Skaven Clan Pestilens Main Lord Skrolk
54%
Bretonnia Couronne FLC Louen Leoncoeur
54%
Lizardmen Ghosts of Pahuax DLC Oxyotl
54%
Skaven Clan Mors Main Queek Headtaker
54%
Skaven Clan Moulder DLC Throt the Unclean
54%
Greenskins The Bloody Handz FLC Wurrzag da Great Green Prophet
54%
Wood Elves Argwylon DLC Durthu
50%
Vampire Counts Caravan of Blue Roses DLC Helman Ghorst
50%
Tzeentch Oracles of Tzeentch Base Kairos Fateweaver
50%
Kislev The Great Orthodoxy Base Kostaltyn
50%
Nurgle Poxmakers of Nurgle Base Ku'gath Plaguefather
50%
Bretonnia Chevaliers de Lyonesse FLC Repanse de Lyonesse
50%
Greenskins Crooked Moon DLC Skarsnik
50%
Bretonnia Carcassonne FLC The Fay Enchantress
50%
Norsca Wintertooth DLC Throgg
50%
Skaven Clan Rictus FLC Tretch Craventail
50%
Khorne Challengers of Khorne FLC Arbaal the Undefeated
46%
Vampire Coast The Drowned DLC Cylostra Direfin
46%
High Elves Yvresse DLC Eltharion
46%
Ogre Kingdoms The Maneaters DLC Golgfag Maneater
46%
Tomb Kings Court of Lybaras DLC High Queen Khalida
46%
Beastmen Warherd of the One-Eye DLC Khazrak the One-Eye
46%
Slaanesh Seducers of Slaanesh Base N'Kari
46%
Wood Elves Heralds of Ariel DLC Sisters of Twilight
46%
Nurgle The Maggot Host DLC Tamurkhan the Maggot Lord
46%
Daemons of Chaos Legion of Chaos Base The Daemon Prince
46%
Vampire Counts Mousillon Unique The Red Duke
46%
Lizardmen Tlaqua FLC Tiktaq'to
46%
Warriors of Chaos Puppets of Misrule DLC Vilitch the Curseling
46%
Norsca World Walkers DLC Wulfrik the Wanderer
46%
Grand Cathay The Jade Court DLC Yuan Bo
46%
Bretonnia Bordeleaux Errant FLC Alberic de Bordeleaux
42%
Warriors of Chaos The Ecstatic Legions DLC Azazel
42%
Greenskins Bonerattlaz Base Azhag the Slaughterer
42%
Dark Elves Har Ganeth DLC Crone Hellebron
42%
Tomb Kings Exiles of Nehek DLC Grand Hierophant Khatep
42%
Grand Cathay The Northern Provinces Base Miao Ying
42%
Beastmen Warherd of the Shadowgave DLC Morghur the Shadowgave
42%
Beastmen Slaughterhorn Tribe DLC Taurox the Brass Bull
42%
Lizardmen Cult of Sotek DLC Tehenhauin
42%
Dwarfs Karak Kadrin Base Ungrim Ironfist
42%
Grand Cathay The Western Provinces Base Zhao Ming
42%
Chaos Dwarfs Disciples of Hashut DLC Astragoth Ironhand
38%
Greenskins Ironclaw Orcs DLC Gorbad Ironclaw
38%
Warriors of Chaos Heralds of the Tempest DLC Kholek Suneater
38%
Dwarfs Masters of Innovation DLC Malakai Makaisson
38%
Nurgle Tallymen of Pestilence FLC Epidemius
33%
Dark Elves The Thousand Maws FLC Rakarth
33%
Beastmen Harbinger of Disaster DLC Malagor the Dark Omen
29%
Kislev Daughters of the Forest DLC Mother Ostankya
29%
Ogre Kingdoms Disciples of the Maw DLC Skrag the Slaughterer
29%
Chaos Dwarfs The Warhost of Zharr DLC Zhatan the Black
25%
Chaos Dwarfs The Legion of Azgorh DLC Drazhoath the Ashen
21%
No matching quizzes found
Score Distribution
Percent of People with Each Score
Percentile by Number Answered
Your Score History
You have not taken this quiz since the last reset